<?xml version="1.0" encoding="UTF-8"?>
<record
    xmlns:xsi="http://www.w3.org/2001/XMLSchema-instance"
    xsi:schemaLocation="http://www.loc.gov/MARC21/slim http://www.loc.gov/standards/marcxml/schema/MARC21slim.xsd"
    xmlns="http://www.loc.gov/MARC21/slim">

  <leader>00813    a2200229   4500</leader>
  <datafield tag="999" ind1=" " ind2=" ">
    <subfield code="c">26558</subfield>
    <subfield code="d">26558</subfield>
  </datafield>
  <controlfield tag="008">230703b           ||||| |||| 00| 0 eng d</controlfield>
  <datafield tag="020" ind1=" " ind2=" ">
    <subfield code="a">9789332587908</subfield>
    <subfield code="c">Rs999.00</subfield>
  </datafield>
  <datafield tag="041" ind1="0" ind2=" ">
    <subfield code="a">eng</subfield>
  </datafield>
  <datafield tag="082" ind1="0" ind2="0">
    <subfield code="a">670.42</subfield>
    <subfield code="b">K148</subfield>
  </datafield>
  <datafield tag="100" ind1=" " ind2=" ">
    <subfield code="a">Kalpakjian, Serope</subfield>
    <subfield code="9">5594</subfield>
  </datafield>
  <datafield tag="245" ind1=" " ind2=" ">
    <subfield code="a">Manufacturing Engineering and Technology /</subfield>
  </datafield>
  <datafield tag="250" ind1=" " ind2=" ">
    <subfield code="a">7th ed. / SI edition contributed by K.S. Vijay Sekar ; SI edition contributed by K.S. Vijay Sekar</subfield>
  </datafield>
  <datafield tag="260" ind1=" " ind2=" ">
    <subfield code="a">Noida :</subfield>
    <subfield code="b">Pearson india education services pvt. ltd.,</subfield>
    <subfield code="c">2023.</subfield>
  </datafield>
  <datafield tag="300" ind1=" " ind2=" ">
    <subfield code="a">xxxii, 1180 p. :</subfield>
    <subfield code="b">ill. ;</subfield>
    <subfield code="c">26 cm.</subfield>
  </datafield>
  <datafield tag="500" ind1=" " ind2=" ">
    <subfield code="a">SI</subfield>
  </datafield>
  <datafield tag="504" ind1=" " ind2=" ">
    <subfield code="a">Includes index.</subfield>
  </datafield>
  <datafield tag="650" ind1=" " ind2="0">
    <subfield code="a">Production Engineering</subfield>
  </datafield>
  <datafield tag="650" ind1=" " ind2="0">
    <subfield code="a">Manufacturing Technology</subfield>
  </datafield>
  <datafield tag="700" ind1=" " ind2=" ">
    <subfield code="9">5595</subfield>
    <subfield code="a">Schmid, Steven R.</subfield>
  </datafield>
  <datafield tag="700" ind1=" " ind2=" ">
    <subfield code="9">5596</subfield>
    <subfield code="a">Sekar, K. S. Vijay</subfield>
  </datafield>
  <datafield tag="942" ind1=" " ind2=" ">
    <subfield code="2">ddc</subfield>
    <subfield code="c">BK</subfield>
  </datafield>
  <datafield tag="952" ind1=" " ind2=" ">
    <subfield code="0">0</subfield>
    <subfield code="1">0</subfield>
    <subfield code="2">ddc</subfield>
    <subfield code="4">0</subfield>
    <subfield code="6">670_420000000000000_K148</subfield>
    <subfield code="7">0</subfield>
    <subfield code="9">51106</subfield>
    <subfield code="a">CL</subfield>
    <subfield code="b">CL</subfield>
    <subfield code="c">REF</subfield>
    <subfield code="d">2023-07-03</subfield>
    <subfield code="e">5</subfield>
    <subfield code="g">749.25</subfield>
    <subfield code="o">670.42 K148</subfield>
    <subfield code="p">14264</subfield>
    <subfield code="r">2023-07-03</subfield>
    <subfield code="v">999.00</subfield>
    <subfield code="y">BK</subfield>
  </datafield>
  <datafield tag="952" ind1=" " ind2=" ">
    <subfield code="0">0</subfield>
    <subfield code="1">0</subfield>
    <subfield code="2">ddc</subfield>
    <subfield code="4">0</subfield>
    <subfield code="6">670_420000000000000_K148</subfield>
    <subfield code="7">0</subfield>
    <subfield code="9">51107</subfield>
    <subfield code="a">CL</subfield>
    <subfield code="b">CL</subfield>
    <subfield code="d">2023-07-03</subfield>
    <subfield code="e">5</subfield>
    <subfield code="g">749.25</subfield>
    <subfield code="o">670.42 K148</subfield>
    <subfield code="p">14265</subfield>
    <subfield code="r">2023-07-03</subfield>
    <subfield code="v">999.00</subfield>
    <subfield code="y">BK</subfield>
  </datafield>
  <datafield tag="952" ind1=" " ind2=" ">
    <subfield code="0">0</subfield>
    <subfield code="1">0</subfield>
    <subfield code="2">ddc</subfield>
    <subfield code="4">0</subfield>
    <subfield code="6">670_420000000000000_K148</subfield>
    <subfield code="7">0</subfield>
    <subfield code="9">51108</subfield>
    <subfield code="a">CL</subfield>
    <subfield code="b">CL</subfield>
    <subfield code="d">2023-07-03</subfield>
    <subfield code="e">5</subfield>
    <subfield code="g">749.25</subfield>
    <subfield code="l">1</subfield>
    <subfield code="o">670.42 K148</subfield>
    <subfield code="p">14266</subfield>
    <subfield code="r">2023-11-15</subfield>
    <subfield code="s">2023-10-30</subfield>
    <subfield code="v">999.00</subfield>
    <subfield code="y">BK</subfield>
  </datafield>
  <datafield tag="952" ind1=" " ind2=" ">
    <subfield code="0">0</subfield>
    <subfield code="1">0</subfield>
    <subfield code="2">ddc</subfield>
    <subfield code="4">0</subfield>
    <subfield code="6">670_420000000000000_K148</subfield>
    <subfield code="7">0</subfield>
    <subfield code="9">51109</subfield>
    <subfield code="a">CL</subfield>
    <subfield code="b">CL</subfield>
    <subfield code="d">2023-07-03</subfield>
    <subfield code="e">5</subfield>
    <subfield code="g">749.25</subfield>
    <subfield code="o">670.42 K148</subfield>
    <subfield code="p">14267</subfield>
    <subfield code="r">2023-07-03</subfield>
    <subfield code="v">999.00</subfield>
    <subfield code="y">BK</subfield>
  </datafield>
  <datafield tag="952" ind1=" " ind2=" ">
    <subfield code="0">0</subfield>
    <subfield code="1">0</subfield>
    <subfield code="2">ddc</subfield>
    <subfield code="4">0</subfield>
    <subfield code="6">670_420000000000000_K148</subfield>
    <subfield code="7">0</subfield>
    <subfield code="9">51110</subfield>
    <subfield code="a">CL</subfield>
    <subfield code="b">CL</subfield>
    <subfield code="d">2023-07-03</subfield>
    <subfield code="e">5</subfield>
    <subfield code="g">749.25</subfield>
    <subfield code="o">670.42 K148</subfield>
    <subfield code="p">14268</subfield>
    <subfield code="r">2023-07-03</subfield>
    <subfield code="v">999.00</subfield>
    <subfield code="y">BK</subfield>
  </datafield>
  <datafield tag="952" ind1=" " ind2=" ">
    <subfield code="0">0</subfield>
    <subfield code="1">0</subfield>
    <subfield code="2">ddc</subfield>
    <subfield code="4">0</subfield>
    <subfield code="6">670_420000000000000_K148</subfield>
    <subfield code="7">0</subfield>
    <subfield code="9">51111</subfield>
    <subfield code="a">CL</subfield>
    <subfield code="b">CL</subfield>
    <subfield code="d">2023-07-03</subfield>
    <subfield code="e">5</subfield>
    <subfield code="g">749.25</subfield>
    <subfield code="o">670.42 K148</subfield>
    <subfield code="p">14269</subfield>
    <subfield code="r">2023-07-03</subfield>
    <subfield code="v">999.00</subfield>
    <subfield code="y">BK</subfield>
  </datafield>
  <datafield tag="952" ind1=" " ind2=" ">
    <subfield code="0">0</subfield>
    <subfield code="1">0</subfield>
    <subfield code="2">ddc</subfield>
    <subfield code="4">0</subfield>
    <subfield code="6">670_420000000000000_K148</subfield>
    <subfield code="7">0</subfield>
    <subfield code="9">51112</subfield>
    <subfield code="a">CL</subfield>
    <subfield code="b">CL</subfield>
    <subfield code="d">2023-07-03</subfield>
    <subfield code="e">5</subfield>
    <subfield code="g">749.25</subfield>
    <subfield code="o">670.42 K148</subfield>
    <subfield code="p">14270</subfield>
    <subfield code="r">2023-07-03</subfield>
    <subfield code="v">999.00</subfield>
    <subfield code="y">BK</subfield>
  </datafield>
  <datafield tag="952" ind1=" " ind2=" ">
    <subfield code="0">0</subfield>
    <subfield code="1">0</subfield>
    <subfield code="2">ddc</subfield>
    <subfield code="4">0</subfield>
    <subfield code="6">670_420000000000000_K148</subfield>
    <subfield code="7">0</subfield>
    <subfield code="9">51113</subfield>
    <subfield code="a">CL</subfield>
    <subfield code="b">CL</subfield>
    <subfield code="d">2023-07-03</subfield>
    <subfield code="e">5</subfield>
    <subfield code="g">749.25</subfield>
    <subfield code="o">670.42 K148</subfield>
    <subfield code="p">14271</subfield>
    <subfield code="r">2023-07-03</subfield>
    <subfield code="v">999.00</subfield>
    <subfield code="y">BK</subfield>
  </datafield>
  <datafield tag="952" ind1=" " ind2=" ">
    <subfield code="0">0</subfield>
    <subfield code="1">0</subfield>
    <subfield code="2">ddc</subfield>
    <subfield code="4">0</subfield>
    <subfield code="6">670_420000000000000_K148</subfield>
    <subfield code="7">0</subfield>
    <subfield code="9">51114</subfield>
    <subfield code="a">CL</subfield>
    <subfield code="b">CL</subfield>
    <subfield code="d">2023-07-03</subfield>
    <subfield code="e">5</subfield>
    <subfield code="g">749.25</subfield>
    <subfield code="o">670.42 K148</subfield>
    <subfield code="p">14272</subfield>
    <subfield code="r">2023-07-03</subfield>
    <subfield code="v">999.00</subfield>
    <subfield code="y">BK</subfield>
  </datafield>
  <datafield tag="952" ind1=" " ind2=" ">
    <subfield code="0">0</subfield>
    <subfield code="1">0</subfield>
    <subfield code="2">ddc</subfield>
    <subfield code="4">1</subfield>
    <subfield code="6">670_420000000000000_K148</subfield>
    <subfield code="7">0</subfield>
    <subfield code="9">51115</subfield>
    <subfield code="a">CL</subfield>
    <subfield code="b">CL</subfield>
    <subfield code="d">2023-07-03</subfield>
    <subfield code="e">5</subfield>
    <subfield code="g">749.25</subfield>
    <subfield code="o">670.42 K148</subfield>
    <subfield code="p">14273</subfield>
    <subfield code="r">2023-07-03</subfield>
    <subfield code="v">999.00</subfield>
    <subfield code="y">BK</subfield>
  </datafield>
</record>
